Esta casa está hecha de lodo = (Record no. 19050)

MARC details
000 -LEADER
fixed length control field 02296cam a2200541Ii 4500
001 - CONTROL NUMBER
control field sjds1444216
003 - CONTROL NUMBER IDENTIFIER
control field sjds
005 - DATE AND TIME OF LATEST TRANSACTION
control field 20171025155757.0
008 - FIXED-LENGTH DATA ELEMENTS--GENERAL INFORMATION
fixed length control field 931202s1994 azua j 000 1 eng
010 ## - LIBRARY OF CONGRESS CONTROL NUMBER
LC control number 93045711
020 ## - INTERNATIONAL STANDARD BOOK NUMBER
International Standard Book Number 0873585801 (pbk.)
020 ## - INTERNATIONAL STANDARD BOOK NUMBER
International Standard Book Number 9780873585804 (pbk.)
035 ## - SYSTEM CONTROL NUMBER
System control number 1063105
035 ## - SYSTEM CONTROL NUMBER
System control number (OCoLC)29521054
Canceled/invalid control number (OCoLC)731416910
-- (OCoLC)732782664
035 ## - SYSTEM CONTROL NUMBER
System control number (OCoLC)29521054
035 ## - SYSTEM CONTROL NUMBER
System control number 1443701
040 ## - CATALOGING SOURCE
Original cataloging agency DLC
Language of cataloging eng
Transcribing agency DLC
Modifying agency SLC
-- MCCPP
-- BAKER
-- BTCTA
-- YDXCP
-- JBO
-- KYL
-- CO3
-- OCLCO
-- TXBXL
-- TXP
-- OCLCF
-- CCY
-- OCLCQ
-- OCLCO
-- OCLCQ
-- IFA
041 0# - LANGUAGE CODE
Language code of text/sound track or separate title eng
-- spa
049 ## - LOCAL HOLDINGS (OCLC)
Holding library IFAA
099 ## - LOCAL FREE-TEXT CALL NUMBER (OCLC)
Filing suffix 1994
999 ## - SYSTEM CONTROL NUMBERS (KOHA)
Koha Dewey Subclass [OBSOLETE] ESPANOL PICTURE BOOKS BUCHANAN 1994
100 1# - MAIN ENTRY--PERSONAL NAME
Personal name Buchanan, Ken,
Relator term author.
245 10 - TITLE STATEMENT
Title Esta casa está hecha de lodo =
Remainder of title This house is made of mud /
Statement of responsibility, etc. written by / escrito por Ken Buchanan ; illustrated by / ilustrado por Libba Tracy ; translated by / traducido por Patricia Hinton Davison.
246 30 - VARYING FORM OF TITLE
Title proper/short title This house is made of mud
260 ## - PUBLICATION, DISTRIBUTION, ETC. (IMPRINT)
Place of publication, distribution, etc. Flagstaff, AZ :
Name of publisher, distributor, etc. Northland Publishing,
Date of publication, distribution, etc. c1994.
264 #1 - PRODUCTION, PUBLICATION, DISTRIBUTION, MANUFACTURE, AND COPYRIGHT NOTICE
Place of production, publication, distribution, manufacture Flagstaff, AZ :
Name of producer, publisher, distributor, manufacturer Northland Publishing,
Date of production, publication, distribution, manufacture, or copyright notice [1994]
300 ## - PHYSICAL DESCRIPTION
Extent 1 volume (unpaged) :
Other physical details color illustrations ;
Dimensions 21 x 23 cm
336 ## - CONTENT TYPE
Content type term text
Content type code txt
Source rdacontent
337 ## - MEDIA TYPE
Media type term unmediated
Media type code n
Source rdamedia
338 ## - CARRIER TYPE
Carrier type term volume
Carrier type code nc
Source rdacarrier
490 1# - SERIES STATEMENT
Series statement Reading rainbow book
520 ## - SUMMARY, ETC.
Summary, etc. A family builds an adobe house in the Southwest desert.
520 ## - SUMMARY, ETC.
Summary, etc. Una familia contruen una casa de adobe en el desierto del suroeste.
546 ## - LANGUAGE NOTE
Language note Parallel text in Spanish and English.
650 #0 - SUBJECT ADDED ENTRY--TOPICAL TERM
Topical term or geographic name as entry element Spanish language materials
General subdivision Bilingual
Form subdivision Juvenile fiction.
650 #7 - SUBJECT ADDED ENTRY--TOPICAL TERM
Topical term or geographic name as entry element Materiales bilingües en español
Form subdivision Novela juvenil.
Source of heading or term bidex
650 #0 - SUBJECT ADDED ENTRY--TOPICAL TERM
Topical term or geographic name as entry element Dwellings
Form subdivision Juvenile fiction.
650 #7 - SUBJECT ADDED ENTRY--TOPICAL TERM
Topical term or geographic name as entry element Viviendas
Form subdivision Novela juvenil.
Source of heading or term bidex
651 #0 - SUBJECT ADDED ENTRY--GEOGRAPHIC NAME
Geographic name Sonoran Desert
Form subdivision Juvenile literature.
651 #7 - SUBJECT ADDED ENTRY--GEOGRAPHIC NAME
Geographic name Desierto de Sonora
Form subdivision Novela juvenil.
Source of heading or term local
700 1# - ADDED ENTRY--PERSONAL NAME
Personal name Davison, Patricia Hinton.
700 1# - ADDED ENTRY--PERSONAL NAME
Personal name Tracy, Libba,
Relator term illustrator.
740 0# - ADDED ENTRY--UNCONTROLLED RELATED/ANALYTICAL TITLE
Uncontrolled related/analytical title Esta casa está hecha de lodo.
830 #0 - SERIES ADDED ENTRY--UNIFORM TITLE
Uniform title Reading rainbow book.
856 42 - ELECTRONIC LOCATION AND ACCESS
Materials specified Publisher description
Uniform Resource Identifier <a href="http://catdir.loc.gov/catdir/enhancements/fy1315/93045711-d.html">http://catdir.loc.gov/catdir/enhancements/fy1315/93045711-d.html</a>
856 42 - ELECTRONIC LOCATION AND ACCESS
Materials specified Publisher description
Uniform Resource Identifier <a href="http://catdir.loc.gov/catdir/enhancements/fy1315/93045711-d.html">http://catdir.loc.gov/catdir/enhancements/fy1315/93045711-d.html</a>
942 ## - ADDED ENTRY ELEMENTS (KOHA)
Koha item type Libro/Book
Holdings
Withdrawn status Lost status Damaged status Not for loan Home library Current library Date acquired Inventory number Total Checkouts Barcode Date last seen Price effective from Koha item type
        Sevadilla -- Satellite Sevadilla -- Satellite 25/10/2017 Inventory date: 7/7/25   35400877 25/10/2017 25/10/2017 Libro/Book

Powered by Koha